Pa-ra-da

"Pa-ra-da" es la historia real de un payaso callejero, Miloud Oukili, que llega a Rumanía en 1992, tres años después del fin de la dictadura de Ceausescu. Cuenta la relación que éste entabla con chicos de entre 3 y 16 años, que viven en las alcantarillas de la ciudad, llamadas boskettari....

Descripción completa

Guardado en:
Autor Principal: Pontecorvo, Marco.
Otros Autores: Lespert, Jalil; reparto., Ciri, Evita; reparto., Rauta,Gaby; reparto.
Formato: Deslizar
Idioma:Undetermined
Publicado: Italia : Panorama Films, 2008.
Series:Archivo fílmico pedagógico. Jóvenes y escuelas
Materias:
Etiquetas: Agregar Etiqueta
Sin Etiquetas, Sea el primero en etiquetar este registro!
LEADER 01261ngm a22002535a 4500
001 CEM.cems020948
008 240319s2008####mx#---############vlund#d
005 20240320203904.0
245 1 0 |a Pa-ra-da  |h [videograbación] /  |c Marco Pontecorvo. 
260 |a Italia :  |b Panorama Films,  |c 2008. 
300 |a 100'. 
490 1 |a Archivo fílmico pedagógico. Jóvenes y escuelas 
520 |a "Pa-ra-da" es la historia real de un payaso callejero, Miloud Oukili, que llega a Rumanía en 1992, tres años después del fin de la dictadura de Ceausescu. Cuenta la relación que éste entabla con chicos de entre 3 y 16 años, que viven en las alcantarillas de la ciudad, llamadas boskettari. También es la historia de la amistad que nace entre ellos y el joven payaso de origen franco-argelino. 
590 |a Identificación anterior: 379 
538 |a Soporte: DVD 
500 |a Título original: Pa-ra-da - Idioma original: Italiano Subtítulos en castellano. 
100 1 |a Pontecorvo, Marco. 
700 1 |a Lespert, Jalil; reparto. 
700 1 |a Ciri, Evita; reparto. 
700 1 |a Rauta,Gaby; reparto. 
653 |a LARGOMETRAJE 
653 |a BASADO EN HECHOS REALES 
653 |a DRAMA 
859 |a CEMS  |b BIB. CEMS - Depto. Recursos Didacticos  |h 778.5  |i PON  |k DRD  |p 3316.24  |t Ej.1